Sir William Jones, bicentenary of his birth : (Record no. 22933)

MARC details
000 -LEADER
fixed length control field 01082cam a2200313 a 4500
001 - CONTROL NUMBER
control field 3411593
003 - CONTROL NUMBER IDENTIFIER
control field BDDh-ASL
005 - DATE AND TIME OF LATEST TRANSACTION
control field 20231015030157.0
008 - FIXED-LENGTH DATA ELEMENTS--GENERAL INFORMATION
fixed length control field 890504s1948 ii acf f011 0beng
010 ## - LIBRARY OF CONGRESS CONTROL NUMBER
LC control number 89901116
025 ## - OVERSEAS ACQUISITION NUMBER
Overseas acquisition number LC E 1363
040 ## - CATALOGING SOURCE
Original cataloging agency DLC
Transcribing agency DLC
Modifying agency DLC
-- BDDh-ASL
043 ## - GEOGRAPHIC AREA CODE
Geographic area code a-ii---
-- e-uk-en
050 00 - LIBRARY OF CONGRESS CALL NUMBER
Classification number PK109.J6
Item number S58 1948
082 00 - DEWEY DECIMAL CLASSIFICATION NUMBER
Classification number 954.0072
Edition number 20
Item number ROS
245 00 - TITLE STATEMENT
Title Sir William Jones, bicentenary of his birth :
Remainder of title commemoration volume, 1746-1946 /
260 ## - PUBLICATION, DISTRIBUTION, ETC.
Place of publication, distribution, etc. Calcutta :
Name of publisher, distributor, etc. Royal Asiatic Society of Bengal,
Date of publication, distribution, etc. 1948.
300 ## - PHYSICAL DESCRIPTION
Extent xi, 2, 170 p., [9] leaves of plates :
Other physical details ill., ports. (some col.) ;
Dimensions 26 cm.
500 ## - GENERAL NOTE
General note Includes index.
600 10 - SUBJECT ADDED ENTRY--PERSONAL NAME
Personal name Jones, William,
Dates associated with a name 1746-1794.
650 #0 - SUBJECT ADDED ENTRY--TOPICAL TERM
Topical term or geographic name entry element Sanskritists
Geographic subdivision Great Britain
Form subdivision Biography.
650 #0 - SUBJECT ADDED ENTRY--TOPICAL TERM
Topical term or geographic name entry element Asianists
Geographic subdivision Great Britain
Form subdivision Biography.
651 #0 - SUBJECT ADDED ENTRY--GEOGRAPHIC NAME
Geographic name India
General subdivision Civilization
Chronological subdivision To 1200.
700 1# - ADDED ENTRY--PERSONAL NAME
Personal name Jones, William,
Dates associated with a name 1746-1794.
710 2# - ADDED ENTRY--CORPORATE NAME
Corporate name or jurisdiction name as entry element Asiatic Society of Bengal.
906 ## - LOCAL DATA ELEMENT F, LDF (RLIN)
a 7
b cbc
c orignew
d 3
e ncip
f 19
g y-gencatlg
942 ## - ADDED ENTRY ELEMENTS (KOHA)
Source of classification or shelving scheme Dewey Decimal Classification
Koha item type Books
Holdings
Withdrawn status Lost status Source of classification or shelving scheme Damaged status Not for loan Collection code Home library Current library Shelving location Date acquired Source of acquisition Total Checkouts Full call number Barcode Date last seen Copy number Price effective from Koha item type Public note
    Dewey Decimal Classification Damaged Not For Loan Non-fiction Asiatic Society Library Asiatic Society Library General Stacks 03/09/2021 ASB Library Collections   954.0072 ROS 107272 03/09/2021 C-1 03/09/2021 Books RARE
    Dewey Decimal Classification Damaged Not For Loan Non-fiction Asiatic Society Library Asiatic Society Library General Stacks 03/09/2021 ASB Library Collections   954.0072 ROS 107273 03/09/2021 C-2 03/09/2021 Books RARE

Powered by Koha